El quinto poder : teoría y práctica del lobbying /

Guardado en:
Detalles Bibliográficos
Autor principal: Alonso Piñero, Armando (autor)
Formato: Libro
Idioma:Español
Publicado: Buenos Aires, Argentina : Macchi, 1992, c1992
Temas:
Etiquetas: Agrega una etiqueta
Sin etiquetas, Sé el primero en etiquetar este registro!

MARC

LEADER 00000nam^a2200000^a^4500
001 000116777
005 20250521000000.0
009 20260310094143.144
020 |a 950-537-199-3 
037 |a Acervo ITESO - Biblioteca 
041 |a ESP 
082 |a 324. 4  |b ALO 
100 |a Alonso Piñero, Armando  |e (autor) 
245 1 3 |a El quinto poder :  |b teoría y práctica del lobbying /  |c A. Alonso Piñeiro. 
264 4 |a Buenos Aires, Argentina :  |b Macchi,  |c 1992, c1992 
300 |a VI, 137 p. 
336 |a texto  |b txt  |2 rdacontenido 
337 |a sin mediación  |b n  |2 rdamedio 
338 |a volumen  |b nc  |2 rdasoporte 
649 |a XX 
650 |a Cabildeo -  |z Argentina -  |x Aspectos Jurídicos 
650 |a Cabildeo -  |z EUA 
650 |a Proceso Legislativo 
650 |a Proceso Político 
650 |a Política 
650 |a Derecho 
650 |a Proceso Administrativo 
650 |a Administración 
650 |a Ciencias Administrativas 
910 |a Fondo General 
920 |a Impresos - Libros 
930 |a Colección General 
905 |a 101 
901 |a 0500052219  |b IT1  |c ACC  |u 20250521 
902 |a https://opac.biblio.iteso.mx/vufind/Record/000116777